Normal view
MARC view
Entry Personal Name
001 - CONTROL NUMBER
- control field: 48068
003 - CONTROL NUMBER IDENTIFIER
- control field: ARRUPE
005 - DATE AND TIME OF LATEST TRANSACTION
- control field: 20190905112343.0
008 - FIXED-LENGTH DATA ELEMENTS
- fixed length control field: 190905|| aca||aabn | a|a d
040 ## - CATALOGING SOURCE
- Original cataloging agency: ARRUPE
- Transcribing agency: ARRUPE
100 ## - HEADING--PERSONAL NAME
- Personal name: Ocholi, James Omale
670 ## - SOURCE DATA FOUND
- Source citation: Work cat.: (ARRUPE): Ocholi, James Omale, Spacetime: geometry and topology, 2018